Central Library OPAC University of Rajshahi

mushahadat lisan aldiyn bn alkhataab fi bilad almaghrib wal'andalus ;; مشاهدات لسان الدين بن الخطيب في بلاد المغرب والأندلس : مجموعة من رسائله (Record no. 78609)

MARC details
000 -LEADER
fixed length control field 00934nam a2200217 a 4500
001 - CONTROL NUMBER
control field 78609
003 - CONTROL NUMBER IDENTIFIER
rucl marc code BD-RjUL
005 - DATE AND TIME OF LATEST TRANSACTION
control field 20211209083140.0
008 - FIXED-LENGTH DATA ELEMENTS--GENERAL INFORMATION
fixed length control field 211020s1958 su ||||| |||| 00| 0 ara d
035 ## - SYSTEM CONTROL NUMBER
System control number (BD-RjUL)78835
040 ## - CATALOGING SOURCE
Original cataloging agency BD-RjUL
Language of cataloging eng
Transcribing agency BD-RjUL
Modifying agency BD-RjUL
041 ## - LANGUAGE CODE
Language code of text/sound track or separate title ara
082 ## - DEWEY DECIMAL CLASSIFICATION NUMBER
Edition number 23
Classification number 946.8
Author mark and year ABM 1958
100 10 - MAIN ENTRY--PERSONAL NAME
Personal name العبادي، أحمد مختار ;; Al-Abadi, Ahmed Mukhtar
9 (RLIN) 249198
245 10 - TITLE STATEMENT
Title mushahadat lisan aldiyn bn alkhataab fi bilad almaghrib wal'andalus ;; مشاهدات لسان الدين بن الخطيب في بلاد المغرب والأندلس : مجموعة من رسائله
Statement of responsibility, etc. أحمد مختار العبادي ;; Ahmad Mukhtar Ahmad Mukhtar Al-Abadi Al-Abadi
260 ## - PUBLICATION, DISTRIBUTION, ETC. (IMPRINT)
Place of publication, distribution, etc. مصر :
Name of publisher, distributor, etc. لإسكندرية I,
Date of publication, distribution, etc. 1958[1378]
300 ## - PHYSICAL DESCRIPTION
Pagination 180.p. ;
Size 22 cm
490 ## - SERIES STATEMENT
Series statement كلية الادب المطبوع رقم ;
Volume/sequential designation ١٢
650 ## - SUBJECT ADDED ENTRY--TOPICAL TERM
Topical term or geographic name as entry element Andalus
Form subdivision History
9 (RLIN) 249199
942 ## - ADDED ENTRY ELEMENTS (KOHA)
Source of classification or shelving scheme Dewey Decimal Classification
Koha item type Books
Holdings
Lost status Source of classification or shelving scheme Damaged status Not for loan Collection code Permanent Location Current Location Shelving location Date acquired Source of acquisition Cost, normal purchase price Total Checkouts Full call number Date last seen Copy number Koha item type
  Dewey Decimal Classification   Not For Loan Non-fiction Central Library, University of Rajshahi Central Library, University of Rajshahi Reading Room 13/09/1968 Zeitlinger 10.00   A 946.8 ABM 1958 20/10/2021 C-1 Books